Probability and statistics for engineers and scientists

This classic text provides a rigorous introduction to basic probability theory and statistical inference, with a unique balance between theory and methodology. Interesting, relevant applications use real data from actual studies, showing how the concepts and methods can be used to solve problems in...

Description complète

Enregistré dans:
Détails bibliographiques
Autres auteurs: Walpole, Ronald E, Myers, Raymond H, Ye, Keying, Myers L.Sharon
Format: Livre
Publié: Boston: Prentice Hall, ©2012
Édition:9th ed.
Sujets:
Tags: Ajouter un tag
Pas de tags, Soyez le premier à ajouter un tag!

MARC

LEADER 00000nam a2200000 4500
020 |a 0321629116  |c TZS 137,901.20 
040 |a MUL  |b eng.  |e AACR 
082 |a 519.2 PRO 
245 |a Probability and statistics for engineers and scientists  |c / Ronald E. Walpole, Raymond H. Myers, Sharon L. Myers and Keying Ye 
250 |a 9th ed. 
260 |a Boston:  |b Prentice Hall,  |c ©2012 
300 |a xx, 791 p. :  |b ill. ;  |c 24 cm 
504 |a Includes index 
520 |a This classic text provides a rigorous introduction to basic probability theory and statistical inference, with a unique balance between theory and methodology. Interesting, relevant applications use real data from actual studies, showing how the concepts and methods can be used to solve problems in the field. This revision focuses on improved clarity and deeper understanding 
546 |a eng. 
650 |a Probability 
650 |a Engineers 
700 |a Walpole, Ronald E 
700 |a Myers, Raymond H 
700 |a Ye, Keying 
700 |a Myers L.Sharon 
942 |c BK 
999 |c 3111  |d 3111